[Event "CRI-ch"]
[Site "San Jose"]
[Date "2024.01.13"]
[Round "8"]
[White "Carvajal Pena, Daniel"]
[Black "Ramirez Aguilar, Julian Jose"]
[Result "1/2-1/2"]
[WhiteElo "1990"]
[BlackElo "1509"]
[PlyCount "215"]
[EventDate "2024.01.06"]
[EventType "swiss"]
[EventRounds "9"]
[EventCountry "CRI"]
[SourceTitle "CBM 218 Extra"]
[Source "ChessBase"]
[SourceDate "2024.03.31"]
[SourceVersion "1"]
[SourceVersionDate "2024.03.31"]
[SourceQuality "1"]

1. e4 c5 2. Nc3 Nc6 3. Bb5 Nd4 4. Nf3 a6 5. Bd3 g6 6. Nxd4 cxd4 7. Ne2 Bg7 8. 0-0 d5 9. exd5 Qxd5 10. c3 dxc3 11. dxc3 Nf6 12. Qc2 0-0 13. c4 Qc6 14. Nc3 Be6 15. b3 Rac8 16. Bb2 b5 17. cxb5 axb5 18. Qe2 b4 19. Nb5 Bg4 20. f3 Bd7 21. Kh1 Qd5 22. Bc4 Qf5 23. Nd4 Qc5 24. Rac1 Qb6 25. Rfd1 Nd5 26. Bxd5 Rxc1 27. Rxc1 Bxd4 28. Bxd4 Qxd4 29. Rd1 Bb5 30. Rxd4 Bxe2 31. Kg1 Rb8 32. Re4 e6 33. Bxe6 Bd3 34. Rd4 Bb1 35. Bc4 Rb7 36. Rd8+ Kg7 37. Ra8 Rd7 38. a4 bxa3 39. Rxa3 Rd1+ 40. Kf2 Rd2+ 41. Kg3 Bd3 42. Ra4 g5 43. Bxd3 Rxd3 44. Rb4 Kg6 45. h4 f6 46. Rb6 h6 47. b4 Rb3 48. b5 Rb2 49. hxg5 hxg5 50. Rb8 f5 51. b6 Kh7 52. Rb7+ Kg6 53. Rb8 Kh7 54. b7 Kg7 55. f4 Rb3+ 56. Kf2 gxf4 57. Ke2 Kh7 58. Kd2 Rb2+ 59. Kc3 Rb1 60. Kd4 Rb4+ 61. Ke5 Kg7 62. Kxf5 Kh7 63. Ke5 Kg7 64. Kd6 Rb1 65. Ke5 Rb4 66. Kd5 Rb1 67. Ke4 Rb4+ 68. Ke5 Kh7 69. Kf6 Rb6+ 70. Kg5 Rb4 71. Kg4 Kg7 72. Kf3 Kh7 73. Rf8 Rxb7 74. Kxf4 Kg7 75. Ra8 Rf7+ 76. Kg5 Rb7 77. Ra6 Rb5+ 78. Kh4 Rc5 79. Ra7+ Kg6 80. g4 Rc3 81. Ra6+ Kg7 82. Ra7+ Kg6 83. Ra6+ Kg7 84. Kh5 Rc5+ 85. g5 Rc7 86. Rg6+ Kh7 87. Ra6 Re7 88. Ra2 Re6 89. Ra7+ Kg8 90. g6 Re1 91. Ra8+ Kg7 92. Ra7+ Kg8 93. Ra4 Re5+ 94. Kh6 Re8 95. Ra7 Rb8 96. Ra6 Rc8 97. Ra7 Rb8 98. Rg7+ Kh8 99. Rd7 Kg8 100. Re7 Ra8 101. Re1 Rb8 102. Kg5 Rb5+ 103. Kf6 Rb8 104. Re6 Rc8 105. g7 Ra8 106. Rb6 Rc8 107. Kg6 Rc6+ 108. Rxc6 1/2-1/2

[Event "FISU World University"]
[Site "Tornelo INT"]
[Date "2020.10.27"]
[Round "5.15"]
[White "Azhar, Puteri Rifqah Fahad"]
[Black "Carvajal Pena, Daniel"]
[Result "0-1"]
[WhiteElo "1939"]
[BlackElo "1929"]
[PlyCount "94"]
[EventDate "2020.10.26"]
[EventType "team-swiss (rapid)"]
[EventRounds "9"]
[EventCountry "NET"]
[SourceTitle "CBM 199 Extra"]
[Source "ChessBase"]
[SourceDate "2021.01.31"]
[SourceVersion "1"]
[SourceVersionDate "2021.01.31"]
[SourceQuality "1"]
[WhiteTeam "Malaysia II"]
[BlackTeam "Costa Rica"]
[WhiteTeamCountry "MAS"]
[BlackTeamCountry "CRI"]

1. d4 d5 2. Nf3 e6 3. Bf4 c5 4. e3 Bd6 5. Bg3 Nf6 6. c3 Qc7 7. Nbd2 Nbd7 8. Bd3 e5 9. dxe5 Nxe5 10. Nxe5 Bxe5 11. Nf3 Bd6 12. Qd2 0-0 13. 0-0 Bg4 14. Be2 Rad8 15. Rad1 Rfe8 16. Qc2 Ne4 17. Bxd6 Rxd6 18. h3 Bh5 19. c4 dxc4 20. Rxd6 Nxd6 21. a4 Bg6 22. Qc3 Be4 23. Rd1 Rd8 24. Nd2 Bd3 25. Bxd3 cxd3 26. Qxd3 Ne8 27. Qb3 c4 28. Qc2 Rd3 29. Rc1 Rd6 30. Qxc4 Rc6 31. Qxc6 bxc6 32. Kf1 Qa5 33. Ke2 Qxa4 34. Rc3 Qb5+ 35. Ke1 Nd6 36. b3 a5 37. Kd1 a4 38. bxa4 Qxa4+ 39. Ke2 Qb5+ 40. Ke1 f5 41. Rc1 c5 42. Nf3 Ne4 43. Nd2 Qb4 44. Rc2 c4 45. Ke2 Nxd2 46. Rxd2 c3 47. Rc2 Qc4+ 0-1

[Event "FISU World University"]
[Site "Tornelo INT"]
[Date "2020.10.27"]
[Round "4.28"]
[White "Redondo Moran, Cesar"]
[Black "Carvajal Pena, Daniel"]
[Result "0-1"]
[WhiteElo "1422"]
[BlackElo "1929"]
[PlyCount "138"]
[EventDate "2020.10.26"]
[EventType "team-swiss (rapid)"]
[EventRounds "9"]
[EventCountry "NET"]
[SourceTitle "CBM 199 Extra"]
[Source "ChessBase"]
[SourceDate "2021.01.31"]
[SourceVersion "1"]
[SourceVersionDate "2021.01.31"]
[SourceQuality "1"]
[WhiteTeam "Spain"]
[BlackTeam "Costa Rica"]
[WhiteTeamCountry "ESP"]
[BlackTeamCountry "CRI"]

1. e4 c5 2. Nf3 g6 3. d4 Bg7 4. Be3 cxd4 5. Nxd4 Nc6 6. Nc3 Nf6 7. Qd2 0-0 8. f3 d5 9. Nxc6 bxc6 10. 0-0-0 e6 11. Bh6 Rb8 12. Bxg7 Kxg7 13. Na4 Qe7 14. e5 Nd7 15. f4 Qb4 16. Qd4 Qxd4 17. Rxd4 c5 18. Rd2 Rb4 19. b3 Rxf4 20. Bb5 Nxe5 21. Nxc5 Ng4 22. g3 Rf5 23. a4 Nf6 24. Re1 Rd8 25. b4 Nd7 26. Bxd7 Bxd7 27. a5 Bb5 28. Red1 h5 29. Kb2 h4 30. gxh4 Rh8 31. Rd4 Rf2 32. R1d2 Rxd2 33. Rxd2 Rxh4 34. c3 Rf4 35. Kb3 Kf6 36. Rd4 e5 37. Rd3 Bxd3 38. Nxd3 Rh4 39. Nf2 Ke6 40. h3 e4 41. c4 dxc4+ 42. Kc3 e3 43. Ng4 Rxh3 44. Kxc4 Rh4 45. Kd3 Rxg4 46. Kxe3 Rxb4 47. Kd3 Ra4 48. Kc3 Rxa5 49. Kd3 Rf5 50. Ke4 g5 51. Ke3 g4 52. Ke2 g3 53. Ke3 g2 54. Ke4 g1Q 55. Kd3 Qb1+ 56. Kd4 a5 57. Kc3 a4 58. Kc4 a3 59. Kc3 a2 60. Kc4 Qb8 61. Kd3 a1Q 62. Ke4 Re5+ 63. Kd3 f5 64. Kc4 f4 65. Kd3 f3 66. Kd2 f2 67. Kc2 f1Q 68. Kd2 Rd5+ 69. Kc2 Qc4# 0-1

[Event "FISU World University"]
[Site "Tornelo INT"]
[Date "2020.10.26"]
[Round "3.14"]
[White "Muthaiah, Al"]
[Black "Carvajal Pena, Daniel"]
[Result "1-0"]
[WhiteElo "2400"]
[BlackElo "1929"]
[PlyCount "47"]
[EventDate "2020.10.26"]
[EventType "team-swiss (rapid)"]
[EventRounds "9"]
[EventCountry "NET"]
[SourceTitle "CBM 199 Extra"]
[Source "ChessBase"]
[SourceDate "2021.01.31"]
[SourceVersion "1"]
[SourceVersionDate "2021.01.31"]
[SourceQuality "1"]
[WhiteTeam "India"]
[BlackTeam "Costa Rica"]
[WhiteTeamCountry "IND"]
[BlackTeamCountry "CRI"]

1. d4 d5 2. Bf4 e6 3. e3 c5 4. c3 Bd6 5. Bg3 Qc7 6. Nd2 Nd7 7. Ngf3 e5 8. dxe5 Nxe5 9. Bxe5 Bxe5 10. Bb5+ Kf8 11. Nxe5 Qxe5 12. Nf3 Qe6 13. 0-0 a6 14. Ba4 b5 15. Bb3 Nf6 16. e4 Bb7 17. exd5 Bxd5 18. Re1 Bxb3 19. axb3 Qb6 20. Qe2 g6 21. Qe7+ Kg7 22. Ng5 Rhe8 23. Qxf7+ Kh6 24. Ne6 1-0

[Event "CRI-ch"]
[Site "San Jose"]
[Date "2020.01.10"]
[Round "1"]
[White "Murillo Tsijli, Alexis"]
[Black "Carvajal Pena, Daniel"]
[Result "1/2-1/2"]
[WhiteElo "2286"]
[BlackElo "1894"]
[PlyCount "84"]
[EventDate "2020.01.10"]
[EventType "swiss"]
[EventRounds "11"]
[EventCountry "CRI"]
[SourceTitle "CBM 194 Extra"]
[Source "ChessBase"]
[SourceDate "2020.03.31"]
[SourceVersion "1"]
[SourceVersionDate "2020.03.31"]
[SourceQuality "1"]

1. d4 d5 2. Nf3 e6 3. c4 c5 4. e3 Nf6 5. Nc3 a6 6. dxc5 Bxc5 7. Be2 0-0 8. cxd5 exd5 9. 0-0 Nc6 10. a3 Bg4 11. h3 Bh5 12. Nh4 Bxe2 13. Nxe2 Qd7 14. Nf3 Ba7 15. Bd2 Ne4 16. Bc3 Rad8 17. Bd4 Bb8 18. Qd3 Qf5 19. Rad1 Rfe8 20. Qb3 Rd7 21. Rc1 Re6 22. Nf4 Bxf4 23. exf4 Qxf4 24. Be3 Qb8 25. Rfd1 Nf6 26. Nd4 Nxd4 27. Bxd4 Ne4 28. Ba7 Qd8 29. Rxd5 Red6 30. Rxd6 Nxd6 31. Bb6 Qe8 32. Qd5 h6 33. Be3 Qe4 34. Qxe4 Nxe4 35. a4 b5 36. Rc8+ Kh7 37. a5 Rd1+ 38. Kh2 Rd6 39. Ra8 Nd2 40. Bxd2 Rxd2 41. Kg3 Rxb2 42. Rxa6 Rb4 1/2-1/2

[Event "Central America U20 op"]
[Site "San Jose "]
[Date "2014.12.18"]
[Round "4"]
[White "Hernandez Sanchez, Jairo Andres"]
[Black "Carvajal Pena, Daniel"]
[Result "1-0"]
[WhiteElo "2306"]
[BlackElo "1812"]
[PlyCount "39"]
[EventDate "2014.12.17"]
[EventType "swiss"]
[EventRounds "9"]
[EventCountry "CRI"]
[SourceTitle "EXT 2016"]
[Source "ChessBase"]
[SourceDate "2015.10.08"]
[SourceVersion "1"]
[SourceVersionDate "2015.10.08"]
[SourceQuality "1"]

1. e4 c5 2. Nf3 Nc6 3. d3 g6 4. g3 Bg7 5. Bg2 d6 6. 0-0 e5 7. Nc3 h6 8. Nd2 Be6 9. Nc4 a6 10. f4 Nge7 11. Ne3 exf4 12. gxf4 Bxc3 13. bxc3 f5 14. Rb1 Bxa2 15. Rxb7 Qc8 16. Rxe7+ Kxe7 17. c4 Rb8 18. exf5 gxf5 19. Qh5 Nb4 20. Nxf5+ 1-0